• 首页
  • 本馆介绍
  • 公告通知
  • 最新文献
  • 馆藏检索
  • 电子资源
  • 读者导购
  • 参考咨询
  • 我的图书馆
  • 登录
  • 详细信息显示
  • 放入我的书架
  • 预约/预借图书
  • 作者相关作品
  • 分类相关作品
  • 丛书相关作品
  • 出版社相关作品

书目信息

  • 表格格式
  • 工作单格式
  • 卡片格式
题名:
设计制图与AutoCAD应用
    
 
作者: 张塔洪 主编
分册:  
出版信息: 长沙   湖南大学出版社  2017
页数: 221页
开本: 26cm
丛书名:
单 册:
中图分类: TB237
科图分类:
主题词: 工程制图--AutoCAD软件--高等职业教育--教材
电子资源:
ISBN: 978-7-5667-1362-9
000 00999nam0 2200253 450
001 4088
005 20180527214401.65
010    @a978-7-5667-1362-9@dCNY55.00
100    @a20171116d2017 em y0chiy50 ea
101 0  @achi
102    @aCN@b430000
105    @aa z 000yy
200 1  @a设计制图与AutoCAD应用@9she ji zhi tu yu AutoCAD ying yong@dDesign drawing and AutoCAD application@f张塔洪主编@zeng
210    @a长沙@c湖南大学出版社@d2017
215    @a221页@d26cm@e1光盘
300    @a高等职业教育设计专业“十三五”规划教材
307    @a附光盘:ISBN 978-7-900773-26-5
330    @a本书内容共六章,包括识图与制图规范、AutoCAD的基本设置与操作、AutoCAD的绘图操作、AutoCAD的编辑操作、AutoCAD的标注操作以及AutoCAD绘制室内装饰工程施工图实例。
510 1  @aDesign drawing and AutoCAD application@zeng
606 0  @a工程制图@xAutoCAD软件@x高等职业教育@j教材
690    @aTB237@v5
701  0 @a张塔洪@9zhang ta hong@f(1981-)@4主编
801  0 @aCN@b91MARC@c20171116
905    @aMuseLib@dTB237@e188
    
    设计制图与AutoCAD应用=Design drawing and AutoCAD application/张塔洪主编.-长沙:湖南大学出版社,2017
    221页;26cm+1光盘
    高等职业教育设计专业“十三五”规划教材
    
    ISBN 978-7-5667-1362-9:CNY55.00
    本书内容共六章,包括识图与制图规范、AutoCAD的基本设置与操作、AutoCAD的绘图操作、AutoCAD的编辑操作、AutoCAD的标注操作以及AutoCAD绘制室内装饰工程施工图实例。
●
相关链接 在E读中查询图书 在五车中查询图书 在当当中查询图书 在豆瓣中查询图书


正题名:设计制图与AutoCAD应用     索取号:TB237/188         预约/预借

序号 登录号 条形码 馆藏地/架位号 状态 备注
1 1111854   211118547   第二样本阅览室/ [索取号:TB237/188] 在馆    
2 1111855   211118556   教育系资料室/ [索取号:TB237/188] 在馆    
3 1111856   211118565   教育系资料室/ [索取号:TB237/188] 在馆    
4 1111857   211118574   第三借阅区/ [索取号:TB237/188] 在馆    
唐山师范学院图书馆 欢迎您!
大连网信软件有限公司© 版权所有